| 000 | 00351nam a2200157Ia 4500 | ||
|---|---|---|---|
| 008 | 230312s9999||||xx |||||||||||||| ||und|| | ||
| 020 | _a81-265-1088-7 | ||
| 082 |
_a530 _bRES-P |
||
| 100 | _aResnick,Robert | ||
| 245 | 0 | _aPhysics | |
| 260 |
_bJohn WILEY _aIndia _c2010 |
||
| 300 | _a1-8 | ||
| 546 | _aEng. | ||
| 650 |
_aMedical _vPhysics |
||
| 942 | _cBK | ||
| 999 |
_c6470 _d6470 |
||